[Event "Aeroflot Open"]
[Site "Moscow RUS"]
[Date "2005.02.15"]
[Round "1"]
[White "Galkin,A"]
[Black "Aronian,L"]
[Result "1/2-1/2"]
[WhiteElo "2593"]
[BlackElo "2684"]
[EventDate "2005.02.15"]

1. e4 e5 2. Nf3 Nc6 3. Bb5 a6 4. Ba4 Nf6 5. O-O Be7 6. Re1 b5 7. Bb3 O-O 8.
h3 Bb7 9. d3 d6 10. a3 Qd7 11. Nc3 Nd8 12. d4 exd4 13. Nxd4 Re8 14. Nf5 Ne6
15. Nxe7+ Rxe7 16. f3 Rd8 17. Be3 d5 18. exd5 Nxd5 19. Nxd5 Bxd5 20. Qxd5
Qxd5 21. Bxd5 Rxd5 22. Kf2 h5 1/2-1/2

[Event "Aeroflot Open"]
[Site "Moscow RUS"]
[Date "2005.02.15"]
[Round "1"]
[White "Amonatov,F"]
[Black "Van Wely,L"]
[Result "1/2-1/2"]
[WhiteElo "2588"]
[BlackElo "2679"]
[EventDate "2005.02.15"]

1. e4 c5 2. Nf3 Nc6 3. d4 cxd4 4. Nxd4 Nf6 5. Nc3 e5 6. Ndb5 d6 7. Bg5 a6
8. Na3 b5 9. Nd5 Be7 10. Bxf6 Bxf6 11. c3 Bg5 12. Nc2 O-O 13. a4 bxa4 14.
Rxa4 a5 15. Bc4 Rb8 16. Ra2 Kh8 17. Nce3 g6 18. h4 Bxh4 19. g3 Bg5 20. b3
Bxe3 21. Nxe3 f5 22. Rd2 f4 23. gxf4 exf4 24. Rxd6 Qc7 1/2-1/2

[Event "Aeroflot Open"]
[Site "Moscow RUS"]
[Date "2005.02.15"]
[Round "1"]
[White "Neverov,V"]
[Black "Ghaem Maghami,E"]
[Result "1/2-1/2"]
[WhiteElo "2568"]
[BlackElo "2623"]
[EventDate "2005.02.15"]

1. d4 Nf6 2. c4 e6 3. Nf3 b6 4. a3 Bb7 5. Nc3 d5 6. Bg5 Be7 7. Qa4+ c6 8.
Bxf6 Bxf6 9. cxd5 exd5 10. g3 O-O 11. Bg2 Re8 12. O-O Na6 13. Rfd1 Nc7 14.
Rac1 Qe7 15. e3 h5 16. h4 g6 17. b4 a6 18. Qb3 a5 19. Na4 axb4 20. axb4 b5
21. Nc5 Ne6 22. Nd3 Ra4 23. Rc3 Rea8 24. Rdc1 Ra1 25. Nfe5 Nd8 26. Bh3
Rxc1+ 27. Rxc1 Bc8 28. Bg2 Qd6 29. e4 dxe4 30. Rxc6 Qxd4 31. Rxf6 Be6 32.
Qb2 1/2-1/2

[Event "Aeroflot Open"]
[Site "Moscow RUS"]
[Date "2005.02.15"]
[Round "1"]
[White "Shaposhnikov,E"]
[Black "Smirnov,P"]
[Result "1/2-1/2"]
[WhiteElo "2577"]
[BlackElo "2645"]
[EventDate "2005.02.15"]

1. e4 c5 2. Nf3 Nc6 3. Bb5 g6 4. Bxc6 dxc6 5. d3 Bg7 6. O-O Nf6 7. Nc3 O-O
8. Bf4 Bg4 9. h3 Bxf3 10. Qxf3 Nd7 11. Rab1 e5 12. Be3 Qe7 13. Qg3 Rfd8 14.
a3 Nf8 15. f4 exf4 16. Bxf4 Ne6 17. Be5 f6 18. Bf4 c4 19. dxc4 Nxf4 20.
Qxf4 Qc5+ 21. Qf2 Qxc4 22. Kh1 b5 23. Rbd1 a5 24. Rxd8+ Rxd8 25. Re1 b4 26.
axb4 Qxb4 27. Qa7 h5 28. Qc7 Rd2 29. e5 fxe5 30. Qxc6 Qh4 31. Rf1 Kh7 32.
Ne4 Re2 33. Nf6+ Bxf6 34. Rxf6 Qg3 35. Rf1 e4 36. Rg1 Qe5 37. Qd7+ Kh6 38.
Qc8 Qxb2 39. c3 Rf2 40. Qh8+ Kg5 41. Qd8+ Kh6 42. Qd1 1/2-1/2

[Event "Aeroflot Open"]
[Site "Moscow RUS"]
[Date "2005.02.15"]
[Round "1"]
[White "Eljanov,P"]
[Black "Kulaots,K"]
[Result "1/2-1/2"]
[WhiteElo "2643"]
[BlackElo "2576"]
[EventDate "2005.02.15"]

1. d4 Nf6 2. c4 c6 3. Nf3 d5 4. Nc3 dxc4 5. a4 Bf5 6. Ne5 Nbd7 7. Nxc4 Nd5
8. g3 e5 9. Bg2 exd4 10. Qxd4 Qf6 11. Qxf6 N7xf6 12. Nxd5 cxd5 13. Ne3 Bb4+
14. Bd2 Bxd2+ 15. Kxd2 Be4 16. f3 Bg6 17. Rhd1 d4 18. Nc4 Ke7 19. Ke1 Rhd8
20. Rac1 Rac8 21. Bh3 Rc5 22. Kf2 Rh5 23. Kg2 Rg5 24. e4 dxe3 25. Rxd8 Kxd8
26. Nxe3 Re5 27. Kf2 Rh5 28. Kg2 Re5 29. Kf2 Rh5 30. Bg2 Ra5 31. b3 b6 32.
g4 h5 33. h4 hxg4 34. fxg4 Ne4+ 35. Bxe4 Bxe4 36. Rc4 Re5 37. Rd4+ Ke7 38.
Kg3 f6 39. Kf4 Bh7 40. g5 Ke6 41. b4 Bg6 42. gxf6 gxf6 43. Rc4 Kd6 44. Ng4
Rf5+ 45. Kg3 a6 46. Rc8 Rf1 47. Rb8 Rg1+ 48. Kf4 Rf1+ 49. Ke3 Kc7 50. Rf8
Re1+ 51. Kf3 Rf1+ 52. Nf2 Rb1 53. Rxf6 Bh5+ 54. Kf4 Rxb4+ 55. Kg5 Be8 56.
h5 Bxh5 57. Kxh5 Rxa4 58. Kg5 Rc4 59. Kf5 a5 60. Ke5 Kb7 61. Kd5 Rc8 62.
Ne4 Ka6 63. Nd6 Rc5+ 64. Kd4 Rc6 65. Kd5 Rc5+ 66. Ke4 1/2-1/2

[Event "Aeroflot Open"]
[Site "Moscow RUS"]
[Date "2005.02.15"]
[Round "1"]
[White "Guseinov,G"]
[Black "Beliavsky,A"]
[Result "1/2-1/2"]
[WhiteElo "2574"]
[BlackElo "2635"]
[EventDate "2005.02.15"]

1. e4 e5 2. Nf3 Nc6 3. Bb5 a6 4. Ba4 Nf6 5. O-O Be7 6. d3 d6 7. c4 O-O 8.
h3 Nd4 9. Nc3 Nxf3+ 10. Qxf3 c6 11. Be3 Be6 12. Bb3 Nd7 13. d4 exd4 14.
Bxd4 c5 15. Be3 Bf6 16. Rad1 b5 17. Qe2 Bxc3 18. bxc3 Qe7 19. Bf4 Ne5 20.
Bxe5 dxe5 21. cxb5 axb5 22. Bxe6 fxe6 23. Qxb5 Rxa2 24. Rd7 Qe8 25. Qb7 Qg6
26. Qc7 Qf6 27. Qxc5 Re2 28. Qe7 Rxe4 29. Qxf6 gxf6 30. Ra1 1/2-1/2

[Event "Aeroflot Open"]
[Site "Moscow RUS"]
[Date "2005.02.15"]
[Round "1"]
[White "Sadvakasov,D"]
[Black "Ivanov,Se1"]
[Result "1-0"]
[WhiteElo "2635"]
[BlackElo "2574"]
[EventDate "2005.02.15"]

1. e4 c5 2. Nf3 Nc6 3. d4 cxd4 4. Nxd4 Nf6 5. Nc3 d6 6. Bg5 e6 7. Qd2 Be7
8. O-O-O O-O 9. f4 h6 10. Bh4 Bd7 11. Nf3 Qa5 12. Kb1 Rfd8 13. Bd3 b5 14.
g4 b4 15. Ne2 Nxg4 16. Rhg1 Bxh4 17. Nxh4 Qh5 18. Qe1 Nf6 19. f5 e5 20. Qg3
Ne8 21. Qf2 Kh8 22. Nf4 exf4 23. Be2 Qg5 24. Rxg5 hxg5 25. Nf3 f6 26. Qg2
Ne7 27. h4 g4 28. Qxg4 d5 29. Qxf4 Rac8 30. Nd4 a5 31. h5 dxe4 32. h6 g6
33. fxg6 Nxg6 34. Qg3 Ne7 35. Bh5 Nf5 36. Nxf5 Bxf5 37. Rg1 1-0

[Event "Aeroflot Open"]
[Site "Moscow RUS"]
[Date "2005.02.15"]
[Round "1"]
[White "Kornev,Alexei"]
[Black "Kobalia,M"]
[Result "1/2-1/2"]
[WhiteElo "2574"]
[BlackElo "2634"]
[EventDate "2005.02.15"]

1. e4 e5 2. Nf3 Nc6 3. d4 exd4 4. Nxd4 Bc5 5. Nxc6 Qf6 6. Qf3 Qxf3 7. gxf3
bxc6 8. Nc3 Ne7 9. Be3 Bxe3 10. fxe3 d6 11. O-O-O f5 12. e5 dxe5 13. Bc4
Bd7 14. Rhg1 g6 15. e4 Rf8 16. exf5 Nxf5 17. Rge1 O-O-O 18. Rxe5 Nd6 19.
Ba6+ Kb8 20. Ne4 Rxf3 21. Nxd6 cxd6 22. Re7 Kc7 23. Rxh7 Rh3 24. Rxh3 Bxh3
25. Bd3 Rh8 26. Bxg6 1/2-1/2

[Event "Aeroflot Open"]
[Site "Moscow RUS"]
[Date "2005.02.15"]
[Round "1"]
[White "Yermolinsky,A"]
[Black "Kempinski,R"]
[Result "1/2-1/2"]
[WhiteElo "2570"]
[BlackElo "2624"]
[EventDate "2005.02.15"]

1. d4 Nf6 2. c4 g6 3. Nc3 Bg7 4. e4 O-O 5. Nf3 c6 6. Bd3 d6 7. O-O Na6 8.
h3 e5 9. d5 Nc5 10. Bc2 a5 11. Be3 Qc7 12. a3 cxd5 13. cxd5 Bd7 14. Rc1
Rfc8 15. b4 axb4 16. axb4 Na6 17. Na4 Bxa4 18. Bxa4 Qd8 19. Rxc8 Qxc8 20.
Qb1 Qc4 21. Nd2 Qxb4 22. Bb5 Bf8 23. f3 Nh5 24. Bxa6 Qxb1 25. Rxb1 bxa6 26.
Ra1 Be7 27. Ra4 f5 28. g4 Nf6 29. Kf1 fxe4 30. fxe4 Bd8 31. Ke2 a5 32. Kd3
Nd7 33. Nc4 Bc7 34. Ra3 Kf7 35. Rb3 Ke8 36. Nb2 Kd8 37. Na4 Kc8 38. g5 Kd8
39. h4 Nb8 40. Bc1 Nd7 41. Ba3 Kc8 42. Kc4 Rb8 43. Rxb8+ Kxb8 44. Kb5 Kb7
45. Bc1 Nb6 46. Nb2 Bd8 47. Bd2 a4 48. Bb4 Bc7 49. Ba3 Bb8 50. Nd3 Nc8 51.
Kxa4 Ba7 52. Kb5 Bg1 53. Bb4 Na7+ 54. Kc4 Nc8 55. Be1 Nb6+ 56. Kb5 Nd7 57.
Bb4 Kc7 58. Ba5+ Kb7 59. Nb2 Nc5 60. Bb6 Nd3 1/2-1/2

[Event "Aeroflot Open"]
[Site "Moscow RUS"]
[Date "2005.02.16"]
[Round "2"]
[White "Sasikiran,K"]
[Black "Areshchenko,A"]
[Result "0-1"]
[WhiteElo "2657"]
[BlackElo "2570"]
[EventDate "2005.02.15"]

1. d4 Nf6 2. c4 g6 3. Nc3 d5 4. cxd5 Nxd5 5. e4 Nxc3 6. bxc3 c5 7. Be3 Bg7
8. Qd2 cxd4 9. cxd4 Nc6 10. Bb5 O-O 11. Ne2 Bg4 12. f3 Bd7 13. Rb1 a6 14.
Bd3 b5 15. O-O Qa5 16. Qxa5 Nxa5 17. Rfc1 Rfc8 18. Kf2 e5 19. d5 Bf8 20. f4
f6 21. fxe5 fxe5 22. Ng1 Ba3 23. Nf3 Bxc1 24. Bxc1 Nc4 25. Bxc4 Rxc4 26.
Nxe5 Rf8+ 27. Ke3 Rxe4+ 28. Kxe4 Bf5+ 29. Kd4 Bxb1 30. d6 Bxa2 31. Bh6 Ra8
32. d7 Be6 33. Bg5 Bxd7 34. Nxd7 h6 35. Nb6 Rb8 36. Nd7 Rc8 0-1

[Event "Aeroflot Open"]
[Site "Moscow RUS"]
[Date "2005.02.16"]
[Round "2"]
[White "Smirnov,P"]
[Black "Belov,Vl"]
[Result "1/2-1/2"]
[WhiteElo "2645"]
[BlackElo "2582"]
[EventDate "2005.02.15"]

1. e4 c5 2. Nf3 d6 3. d4 cxd4 4. Nxd4 Nf6 5. Nc3 a6 6. Be3 e5 7. Nb3 Be6 8.
f3 Nbd7 9. Qd2 b5 10. O-O-O Nb6 11. Qf2 Nc4 12. Bxc4 bxc4 13. Nc5 Be7 14.
h4 O-O 15. N5a4 Rb8 16. Nb6 Rb7 17. Ncd5 Bxd5 18. Nxd5 Nxd5 19. Rxd5 Qc7
20. c3 Rfb8 21. g4 Rb5 22. Rxb5 Rxb5 23. Qe2 d5 1/2-1/2

[Event "Aeroflot Open"]
[Site "Moscow RUS"]
[Date "2005.02.16"]
[Round "2"]
[White "Volkov,S1"]
[Black "Galliamova,A"]
[Result "1-0"]
[WhiteElo "2612"]
[BlackElo "2477"]
[EventDate "2005.02.15"]

1. d4 d5 2. c4 c6 3. Nf3 Nf6 4. e3 Bf5 5. Nc3 e6 6. Nh4 Bg6 7. Bd2 Nbd7 8.
Nxg6 hxg6 9. h3 Bd6 10. Qb3 Rb8 11. cxd5 exd5 12. Bd3 b5 13. Qc2 Qe7 14.
Ne2 c5 15. dxc5 Nxc5 16. Nd4 Qd7 17. Rd1 b4 18. Bc1 Kf8 19. Qe2 Rc8 20. Bb5
Qc7 21. Bd2 a5 22. Ba6 Ra8 23. Bd3 Be5 24. O-O Nfe4 25. Be1 Bxd4 26. Bxe4
Nxe4 27. Rxd4 Rd8 28. a3 bxa3 29. bxa3 Qc5 30. Qd3 Nf6 31. Ra4 Kg8 32. Rxa5
Qc7 33. Qd4 g5 34. f3 Re8 35. Ra7 Qb8 36. Ra5 Rh6 37. a4 Kh7 38. Rb5 Qd6
39. a5 g4 40. Rb6 Qc7 41. fxg4 Re4 42. Qc3 Rc4 43. Qd3+ Kg8 44. Qb1 Rg6 45.
Rb8+ Kh7 46. Rb7 Qe5 47. Rf3 d4 48. Rxf7 Rc6 49. Rb7 dxe3 50. Rb6 Rc4 51.
Rf5 Qc7 52. Rfxf6 gxf6 53. Rb7 Qxb7 54. Qxb7+ Rg7 55. Qb1+ Kh8 56. Qd3 1-0

[Event "Aeroflot Open"]
[Site "Moscow RUS"]
[Date "2005.02.16"]
[Round "2"]
[White "Aronian,L"]
[Black "Solak,D"]
[Result "1-0"]
[WhiteElo "2684"]
[BlackElo "2596"]
[EventDate "2005.02.15"]

1. d4 d6 2. Nf3 Nf6 3. c4 Nbd7 4. Nc3 e5 5. Bg5 h6 6. Bh4 exd4 7. Nxd4 Be7
8. Nf5 g5 9. Bg3 Nc5 10. Nxe7 Qxe7 11. Qd4 Bf5 12. O-O-O O-O-O 13. f3 Kb8
14. e4 Bc8 15. h4 Nh5 16. Nd5 Qd7 17. Bf2 Qa4 18. Nc3 Qa5 19. hxg5 hxg5 20.
g4 Ne6 21. Qd5 Qxd5 22. exd5 1-0

[Event "Aeroflot Open"]
[Site "Moscow RUS"]
[Date "2005.02.16"]
[Round "2"]
[White "Minasian,Art"]
[Black "Nisipeanu,LD"]
[Result "1/2-1/2"]
[WhiteElo "2586"]
[BlackElo "2673"]
[EventDate "2005.02.15"]

1. Nf3 c5 2. e4 e6 3. d3 Nc6 4. g3 d6 5. Bg2 Nf6 6. O-O Be7 7. Re1 O-O 8.
c3 Ne5 9. d4 Nxf3+ 10. Bxf3 e5 11. dxe5 dxe5 12. Qe2 Be6 13. Nd2 Qc7 14.
Nc4 Bxc4 15. Qxc4 a6 16. a4 b5 17. Qa2 Qc6 18. b3 Rad8 19. axb5 axb5 20.
Qa6 Qxa6 21. Rxa6 Ra8 22. Rb6 Rfb8 23. Rxb8+ Rxb8 24. Bb2 c4 25. b4 Ra8 26.
Ra1 Rxa1+ 27. Bxa1 Nd7 28. h4 1/2-1/2

[Event "Aeroflot Open"]
[Site "Moscow RUS"]
[Date "2005.02.16"]
[Round "2"]
[White "Anastasian,A"]
[Black "Sadvakasov,D"]
[Result "1/2-1/2"]
[WhiteElo "2568"]
[BlackElo "2635"]
[EventDate "2005.02.15"]

1. c4 e5 2. Nc3 Nf6 3. Nf3 Nc6 4. g3 Bb4 5. Bg2 O-O 6. O-O e4 7. Ne1 Re8 8.
Nc2 Bxc3 9. dxc3 h6 10. Be3 b6 11. c5 Bb7 12. h3 Qe7 13. cxb6 axb6 14. c4
Ne5 15. b3 d5 16. cxd5 Nxd5 17. Bd4 c5 18. Bb2 Rad8 19. Qc1 e3 20. f4 Nc6
21. Rd1 Qe6 22. Kh2 Nce7 23. Nxe3 Qxe3 24. Qxe3 Nxe3 25. Rxd8 Rxd8 26. Bxb7
Rd2 27. Bc3 Rxe2+ 28. Kg1 N7d5 29. Be1 Nc2 30. Rd1 Nxf4 31. gxf4 Nxe1 32.
a4 Re7 33. Rd8+ Kh7 34. Ba6 Nf3+ 35. Kf2 Nd4 36. Bc4 Kg6 37. Rd6+ Kf5 38.
Rxb6 Kxf4 39. a5 Rd7 40. a6 f5 41. b4 1/2-1/2

[Event "Aeroflot Open"]
[Site "Moscow RUS"]
[Date "2005.02.16"]
[Round "2"]
[White "Kobalia,M"]
[Black "Guseinov,G"]
[Result "1/2-1/2"]
[WhiteElo "2634"]
[BlackElo "2574"]
[EventDate "2005.02.15"]

1. e4 c5 2. Nf3 Nc6 3. c3 d5 4. exd5 Qxd5 5. d4 Bg4 6. Be2 e6 7. h3 Bh5 8.
c4 Qd6 9. d5 Bxf3 10. Bxf3 Nd4 11. O-O e5 12. Be3 Nf6 13. Nd2 Be7 14. Bxd4
exd4 15. b4 b6 16. bxc5 bxc5 17. Qa4+ Qd7 18. Qxd7+ Kxd7 19. d6 Bxd6 20.
Bxa8 Rxa8 21. Rab1 Bc7 22. Rb5 Kc6 23. Rfb1 Nd7 24. Kf1 a6 25. R5b3 Ba5 26.
Nf3 Nb6 27. Ne5+ Kc7 28. Rc1 f6 29. Nd3 Kc6 1/2-1/2

[Event "Aeroflot Open"]
[Site "Moscow RUS"]
[Date "2005.02.16"]
[Round "2"]
[White "Kempinski,R"]
[Black "Kornev,Alexei"]
[Result "1/2-1/2"]
[WhiteElo "2624"]
[BlackElo "2574"]
[EventDate "2005.02.15"]

1. d4 d5 2. c4 c6 3. e3 Nf6 4. Nc3 a6 5. Qc2 b5 6. b3 Bg4 7. Nge2 Nbd7 8.
h3 Bh5 9. Nf4 Bg6 10. Nxg6 hxg6 11. Be2 e6 12. O-O Bd6 13. Bb2 Rc8 14. Rfd1
g5 15. e4 b4 16. e5 bxc3 17. Bxc3 Bb8 18. exf6 Nxf6 19. cxd5 Nxd5 20. Bxa6
Qd6 21. g3 Rxh3 22. Be1 Rd8 23. Bf1 Rh6 24. Rac1 Kd7 25. Qc5 Rdh8 26. Bg2
f5 27. b4 f4 28. b5 Qxc5 29. dxc5 cxb5 30. c6+ Kc8 31. c7 Ba7 32. Rxd5 exd5
33. Bf3 fxg3 34. Bg4+ 1/2-1/2

[Event "Aeroflot Open"]
[Site "Moscow RUS"]
[Date "2005.02.16"]
[Round "2"]
[White "Ghaem Maghami,E"]
[Black "Yermolinsky,A"]
[Result "0-1"]
[WhiteElo "2623"]
[BlackElo "2570"]
[EventDate "2005.02.15"]

1. c4 e5 2. g3 Nc6 3. Bg2 Nf6 4. Nf3 Bc5 5. O-O d6 6. Nc3 O-O 7. d3 h6 8.
a3 a5 9. e3 Bb6 10. d4 Bg4 11. d5 e4 12. dxc6 bxc6 13. Nxe4 Nxe4 14. Qc2 d5
15. Ne5 Bf5 16. c5 Qf6 17. cxb6 Qxe5 18. b7 Ra6 19. f3 Nd6 20. e4 dxe4 21.
fxe4 Bxe4 22. Bxe4 Qxe4 23. Qxe4 Nxe4 24. Bf4 Rb6 25. Rae1 f5 26. g4 Rxb7
27. gxf5 Nd6 28. Re7 Nxf5 29. Rxc7 Rxb2 30. Be5 Rc2 31. Ra7 Rc5 32. Bc7 Rc4
33. Rf4 Rc1+ 34. Kg2 g5 35. Re4 Rc2+ 36. Kh1 Ng3+ 0-1

[Event "Aeroflot Open"]
[Site "Moscow RUS"]
[Date "2005.02.16"]
[Round "2"]
[White "Ehlvest,J"]
[Black "Neverov,V"]
[Result "1-0"]
[WhiteElo "2622"]
[BlackElo "2568"]
[EventDate "2005.02.15"]

1. e4 c5 2. Nf3 e6 3. c4 Nc6 4. Nc3 Nf6 5. Be2 Qb6 6. O-O d6 7. a3 Be7 8.
Rb1 a5 9. d3 O-O 10. Be3 Ng4 11. Bd2 Nge5 12. Nxe5 dxe5 13. Nb5 Nd4 14.
Nxd4 exd4 15. a4 e5 16. f4 exf4 17. Bxf4 Ra6 18. e5 Qd8 19. Bf3 Bg5 20. Bd5
Bxf4 21. Rxf4 Qe7 22. Qf3 Rb6 23. Rf1 Be6 24. Qg3 Qd8 25. Be4 Kh8 26. R1f2
h6 27. Qg6 fxg6 28. Rxf8+ Qxf8 29. Rxf8+ Kh7 30. Bd5 h5 31. h4 g5 32. Be4+
g6 33. Rf6 gxh4 34. Bxg6+ Kg7 1-0

[Event "Aeroflot Open"]
[Site "Moscow RUS"]
[Date "2005.02.17"]
[Round "3"]
[White "Ivanchuk,V"]
[Black "Volkov,S1"]
[Result "1-0"]
[WhiteElo "2711"]
[BlackElo "2612"]
[EventDate "2005.02.15"]

1. e4 e6 2. d4 d5 3. Nc3 Nf6 4. Bg5 Bb4 5. Nge2 dxe4 6. a3 Be7 7. Bxf6 Bxf6
8. Nxe4 Bd7 9. g3 Bc6 10. Bg2 Bxe4 11. Bxe4 c6 12. c3 Nd7 13. Qc2 Qb6 14.
O-O g6 15. Rad1 Bg7 16. h4 Nf6 17. Bf3 h6 18. Nf4 g5 19. hxg5 hxg5 20. Nd3
Nd7 21. b4 Qc7 22. Rfe1 Bf6 23. b5 cxb5 24. d5 O-O-O 25. dxe6 fxe6 26. Rxe6
Bd4 27. Kg2 g4 28. Bxg4 Kb8 29. Nb4 Ne5 30. Rxd4 Rxd4 31. cxd4 Nxg4 32.
Qxc7+ Kxc7 33. Rg6 Nh6 34. Rg7+ Kb6 35. g4 a5 36. Nd5+ Kc6 37. Ne7+ Kc7 38.
g5 Ng4 39. Kg3 Rh2 40. Nf5+ Kc6 41. Ne3 b4 42. axb4 axb4 43. d5+ Kb6 44. d6
b3 45. d7 b2 46. Nc4+ Kc6 47. Nxb2 1-0

[Event "Aeroflot Open"]
[Site "Moscow RUS"]
[Date "2005.02.17"]
[Round "3"]
[White "Ehlvest,J"]
[Black "Bacrot,E"]
[Result "1/2-1/2"]
[WhiteElo "2622"]
[BlackElo "2715"]
[EventDate "2005.02.15"]

1. e4 e5 2. Nf3 Nc6 3. Bb5 Nf6 4. O-O Nxe4 5. d4 Nd6 6. Bxc6 dxc6 7. dxe5
Nf5 8. Qxd8+ Kxd8 9. Nc3 Ne7 10. h3 Bf5 11. Rd1+ Kc8 12. Rd2 h6 13. b3 Nd5
14. Nxd5 cxd5 15. Rxd5 Bxc2 16. Bb2 1/2-1/2

[Event "Aeroflot Open"]
[Site "Moscow RUS"]
[Date "2005.02.17"]
[Round "3"]
[White "Filippov,Va"]
[Black "Aronian,L"]
[Result "1-0"]
[WhiteElo "2621"]
[BlackElo "2684"]
[EventDate "2005.02.15"]

1. c4 e6 2. Nc3 d5 3. d4 Bb4 4. a3 Bxc3+ 5. bxc3 b6 6. cxd5 exd5 7. c4 dxc4
8. e4 Ba6 9. Nf3 Nf6 10. Qc2 c5 11. e5 cxd4 12. exf6 O-O 13. Bxc4 Re8+ 14.
Kd1 Qxf6 15. Qa4 Rc8 16. Re1 b5 17. Bxb5 Bb7 18. Bb2 Nd7 19. Bxd4 Bxf3+ 20.
gxf3 Qxf3+ 21. Be2 Qd5 22. Rg1 Ne5 23. Ke1 g6 24. Rd1 Qe4 25. Qb3 Re8 26.
Kf1 Red8 27. Qe3 Qxe3 28. Bxe3 Rxd1+ 29. Bxd1 Nc4 30. Bc1 Rd8 31. Be2 Rc8
32. Rg3 1-0

[Event "Aeroflot Open"]
[Site "Moscow RUS"]
[Date "2005.02.17"]
[Round "3"]
[White "Eljanov,P"]
[Black "Sorokin,M"]
[Result "1-0"]
[WhiteElo "2643"]
[BlackElo "2578"]
[EventDate "2005.02.15"]

1. d4 Nf6 2. c4 e6 3. Nf3 d5 4. Nc3 dxc4 5. Bg5 a6 6. e4 b5 7. e5 h6 8. Bh4
g5 9. Nxg5 hxg5 10. Bxg5 Be7 11. Bxf6 Bxf6 12. Qf3 Qxd4 13. Qxf6 Rh5 14.
Be2 Rxe5 15. Qh8+ 1-0

[Event "Aeroflot Open"]
[Site "Moscow RUS"]
[Date "2005.02.17"]
[Round "3"]
[White "Sadvakasov,D"]
[Black "David,Alb"]
[Result "0-1"]
[WhiteElo "2635"]
[BlackElo "2573"]
[EventDate "2005.02.15"]

1. e4 e5 2. Nf3 Nf6 3. d4 Nxe4 4. Bd3 d5 5. Nxe5 Nd7 6. Nxd7 Bxd7 7. O-O
Bd6 8. c4 c6 9. cxd5 cxd5 10. Nc3 Nxc3 11. bxc3 O-O 12. Qh5 g6 13. Qxd5 Qc7
14. c4 Be6 15. Qf3 Bxc4 16. Bh6 Rfe8 17. Rfc1 b5 18. g3 Rad8 19. Rab1 Bf8
20. Bxc4 Bxh6 21. Bxb5 Bxc1 22. Bxe8 Rxe8 23. Rb7 Qc4 0-1

[Event "Aeroflot Open"]
[Site "Moscow RUS"]
[Date "2005.02.17"]
[Round "3"]
[White "Nisipeanu,LD"]
[Black "Ivanov,AV USA"]
[Result "1-0"]
[WhiteElo "2673"]
[BlackElo "2590"]
[EventDate "2005.02.15"]

1. e4 e5 2. Nf3 Nc6 3. Bb5 a6 4. Ba4 Nf6 5. O-O Be7 6. Re1 b5 7. Bb3 d6 8.
c3 O-O 9. d4 Bg4 10. Be3 exd4 11. cxd4 Na5 12. Bc2 c5 13. dxc5 dxc5 14. Nc3
Nc4 15. e5 Ne8 16. Qe2 Nc7 17. Rad1 Qc8 18. Bc1 Re8 19. Qe4 g6 20. Qf4 h5
21. h3 Ne6 22. Qg3 Bxf3 23. Qxf3 Nd4 24. Rxd4 cxd4 25. e6 f5 26. Bxf5 1-0

[Event "Aeroflot Open"]
[Site "Moscow RUS"]
[Date "2005.02.17"]
[Round "3"]
[White "Vaganian,R"]
[Black "Kulaots,K"]
[Result "1-0"]
[WhiteElo "2670"]
[BlackElo "2576"]
[EventDate "2005.02.15"]

1. Nf3 Nf6 2. d4 d5 3. c4 c6 4. Qb3 dxc4 5. Qxc4 Bg4 6. Nbd2 e6 7. g3 Nbd7
8. Bg2 Be7 9. O-O O-O 10. Ne5 Bh5 11. Nxd7 Nxd7 12. Nb3 Qb6 13. e4 a5 14.
Be3 a4 15. Nd2 Qa5 16. a3 e5 17. Qc2 Rfd8 18. Nc4 Qb5 19. Rfc1 exd4 20.
Bxd4 Nc5 21. Bxc5 Qxc5 22. Ne3 Qxc2 23. Rxc2 Bf6 24. Rb1 Bd4 25. g4 Bxe3
26. gxh5 Bd4 27. b3 axb3 28. Rxb3 Rd7 29. Kf1 Kf8 30. f4 Ke7 31. Ke2 Ra5
32. Bf3 Kd8 33. Bg4 Re7 34. Kd3 Ba7 35. Rc4 Kc7 36. a4 Bc5 37. e5 Re8 38.
Ke4 Rea8 39. Rd3 Rxa4 40. Rd7+ Kb6 41. Rxa4 Rxa4+ 42. Kf3 Ra3+ 43. Kg2 Ra2+
44. Kg3 Ra3+ 45. Bf3 f6 46. exf6 gxf6 47. Rxh7 f5 48. h6 Re3 49. Rd7 Re6
50. h7 Rh6 51. Be2 Bb4 52. Bd3 Be1+ 53. Kg2 Bc3 54. Bxf5 Ka6 55. Rd3 Bb2
56. Kg3 c5 57. h4 c4 58. Rd8 b5 59. Kg4 b4 60. Kg5 Rc6 61. h8=Q Bxh8 62.
Rxh8 b3 63. Rb8 Rc5 64. Kg4 Rb5 65. Ra8+ Kb6 66. Rc8 Rc5 67. Rb8+ Ka5 68.
h5 1-0

[Event "Aeroflot Open"]
[Site "Moscow RUS"]
[Date "2005.02.17"]
[Round "3"]
[White "Bocharov,D"]
[Black "Smirnov,P"]
[Result "1/2-1/2"]
[WhiteElo "2585"]
[BlackElo "2645"]
[EventDate "2005.02.15"]

1. d4 Nf6 2. c4 e6 3. Nc3 Bb4 4. Qc2 d5 5. cxd5 exd5 6. Bg5 h6 7. Bh4 c5 8.
dxc5 g5 9. Bg3 Ne4 10. e3 Qa5 11. Nge2 Bf5 12. Bxb8 Rxb8 13. Nd4 Bd7 14.
Nb3 Bxc3+ 15. bxc3 Qxc3+ 16. Qxc3 Nxc3 17. Bd3 Ke7 18. Kd2 Na4 19. h4 Rhc8
20. Rac1 Rc7 21. hxg5 hxg5 22. Rc2 Rbc8 23. Rhc1 Kf6 24. f3 Ke5 25. g3 Kf6
26. g4 Ke5 27. Be2 f5 28. gxf5 Bxf5 29. Bd3 Bd7 30. Be2 Bf5 31. Bd3 Bd7 32.
Be2 Bf5 1/2-1/2

[Event "Aeroflot Open"]
[Site "Moscow RUS"]
[Date "2005.02.17"]
[Round "3"]
[White "Belov,Vl"]
[Black "Kobalia,M"]
[Result "0-1"]
[WhiteElo "2582"]
[BlackElo "2634"]
[EventDate "2005.02.15"]

1. e4 c5 2. Nf3 e6 3. d4 cxd4 4. Nxd4 a6 5. Bd3 Bc5 6. Nb3 Ba7 7. Qg4 Nf6
8. Qg3 d6 9. O-O Nc6 10. Nc3 Ne5 11. Be2 b5 12. Bf4 Qe7 13. Rad1 Bb8 14.
Qxg7 Rg8 15. Qh6 b4 16. Na4 Ba7 17. Be3 Neg4 18. Bxg4 Nxg4 19. Qxh7 Qf8 20.
Bxa7 Rh8 21. Qxh8 Qxh8 22. h3 Rxa7 23. hxg4 f5 24. exf5 Rh7 25. f3 Bd7 26.
Nd4 Rh1+ 27. Kf2 Rxf1+ 28. Kxf1 Qh1+ 29. Ke2 Qxg2+ 30. Ke3 e5 31. Ne6 Bxa4
32. Rxd6 Qg1+ 33. Ke4 Ke7 34. Rxa6 Bxc2+ 35. Kd5 Bd1 36. f6+ Kxf6 37. Nd4+
Kf7 38. Ra7+ Ke8 39. Kxe5 Bxf3 40. Ke6 Kf8 41. Re7 0-1

[Event "Aeroflot Open"]
[Site "Moscow RUS"]
[Date "2005.02.17"]
[Round "3"]
[White "Kornev,Alexei"]
[Black "Timofeev,Arty"]
[Result "0-1"]
[WhiteElo "2574"]
[BlackElo "2619"]
[EventDate "2005.02.15"]

1. e4 c5 2. Nf3 Nc6 3. c3 Nf6 4. e5 Nd5 5. d4 cxd4 6. cxd4 d6 7. Bc4 Nb6 8.
Bb5 Bd7 9. exd6 e6 10. Bg5 Qb8 11. Nc3 Bxd6 12. O-O O-O 13. Bd3 Nd5 14. Be4
h6 15. Bh4 Nxc3 16. bxc3 Qc7 17. c4 f5 18. Bxc6 Qxc6 19. Qd3 Rf7 20. h3 f4
21. c5 Bc7 22. Rfe1 g5 23. Bxg5 hxg5 24. Nxg5 Rg7 25. Ne4 Kh8 26. f3 Rag8
27. Re2 e5 28. d5 Qh6 29. Rb1 Qxh3 0-1

[Event "Aeroflot Open"]
[Site "Moscow RUS"]
[Date "2005.02.17"]
[Round "3"]
[White "Petrosian,TL"]
[Black "Epishin,V"]
[Result "1-0"]
[WhiteElo "2568"]
[BlackElo "2614"]
[EventDate "2005.02.15"]

1. e4 c5 2. Nf3 e6 3. Nc3 a6 4. d4 cxd4 5. Nxd4 b5 6. Bd3 Qb6 7. Nf3 Qc7 8.
O-O Bb7 9. Re1 Be7 10. e5 f5 11. Nh4 g6 12. Nf3 Nc6 13. a4 b4 14. Nb1 Nd8
15. Nbd2 Nf7 16. Nc4 Ngh6 17. Be3 O-O 18. Bf1 Bc5 19. Bxc5 Qxc5 20. Qd4 Qe7
21. Nfd2 Bc6 22. Nb6 Rad8 23. Ndc4 f4 24. Na5 f3 25. g3 Nf5 26. Qc4 h5 27.
Rad1 h4 28. Nxc6 dxc6 29. Rxd8 Rxd8 30. Qg4 Kg7 31. Nc4 hxg3 32. hxg3 Ng5
33. Nd6 a5 34. Ne4 Nxe4 35. Rxe4 Rd2 36. Qxf3 Rxc2 37. b3 Qg5 38. Rc4 Qd2
39. Rxc2 Qxc2 40. Bc4 Qc3 41. Qxc6 Nd4 42. Qb7+ Kh6 43. Qe4 Nf3+ 44. Kg2
Nxe5 45. Bxe6 Kg7 46. Bd5 g5 47. Qf5 g4 48. Qg5+ Kh7 49. Be4+ 1-0

[Event "Aeroflot Open"]
[Site "Moscow RUS"]
[Date "2005.02.17"]
[Round "3"]
[White "Azarov,S"]
[Black "Tkachiev,V"]
[Result "1-0"]
[WhiteElo "2565"]
[BlackElo "2609"]
[EventDate "2005.02.15"]

1. e4 d6 2. d4 g6 3. Nf3 Nf6 4. Nc3 Bg7 5. Bg5 Nc6 6. d5 Nb8 7. h3 O-O 8.
Bc4 c6 9. dxc6 Nxc6 10. O-O h6 11. Be3 Bd7 12. Qe2 Rc8 13. Bb3 Kh7 14. Rad1
Qa5 15. Rfe1 Be6 16. Nd4 Bd7 17. f3 Ne5 18. Qf1 a6 19. f4 Nc6 20. Qf2 Qh5
21. Nde2 Na5 22. e5 Ne8 23. Rd5 Nxb3 24. e6 Qxd5 25. exd7 Rxc3 26. Nxc3
Bxc3 27. d8=Q Bxe1 28. Qxe1 Nd4 29. Qxe7 Ne6 30. Bd2 N8g7 31. Qf6 Nh5 32.
Qc3 Nhxf4 33. Bxf4 Nxf4 34. Qed2 Qg5 35. Kh2 Re8 36. Qc4 Ne6 37. Qxg5 hxg5
38. Qd5 Kg7 39. Qxb7 Nf4 40. Qxa6 Re2 41. Qxd6 Rxg2+ 42. Kh1 Rg3 43. a4
Rxh3+ 44. Kg1 Rf3 45. Qd7 Kh6 46. a5 Kh5 47. a6 g4 48. Qb5+ Kh4 49. a7 Nh3+
50. Kh1 Kg3 51. Qe5+ Nf4 52. Qe1+ 1-0